| 000 | 00753nam a2200181Ia 4500 | ||
|---|---|---|---|
| 008 | 090124s9999 xx 000 0 und d | ||
| 082 | _b304521 | ||
| 100 | _aदुर्वे लालू | ||
| 245 | _a टायगर स्लेअर बार ऑर्डर(शिकारीचे दिवस) | ||
| 250 | _a1 | ||
| 260 |
_bगॉल्डस्बरी सी. इ. _c2002 |
||
| 300 | _a208 | ||
| 600 | _aदुर्वे लालू | ||
| 630 | _a टायगर स्लेअर बार ऑर्डर(शिकारीचे दिवस) | ||
| 700 | _aदुर्वे लालू | ||
| 730 | _a टायगर स्लेअर बार ऑर्डर(शिकारीचे दिवस) | ||
| 942 | _cBOOK | ||
| 999 |
_c194450 _d194450 |
||